Guess the Clash Royale Card #1 - Statistics

General Stats
  • This quiz has been taken 3,267 times
  • The average score is 18 of 20
Answer Stats
Picture Answer % Correct
Spear Goblins
97%
Bats
96%
Royal Giant
96%
Fireball
95%
Sparky
95%
Witch
95%
Tesla
94%
Knight
93%
Prince
93%
Electro Wizard
92%
Hog Rider
91%
Hunter
91%
Miner
90%
Ice Spirit
88%
Skeleton Barrel
88%
Guards
86%
Mighty Miner
85%
Minions
85%
Royal Ghost
85%
Valkyrie
82%
No matching quizzes found
Score Distribution
Percent of People with Each Score
Percentile by Number Answered
Your Score History
You have not taken this quiz